House of Anubis Quiz - Statistics

General Stats
  • This quiz has been taken 724 times
  • The average score is 10 of 15
Answer Stats
Hint Answer % Correct
Who had gone missing? Joy
96%
Who are the two jokesters in the house? Jerome and Alfie
88%
Who is the geeky girl in the house? Mara
88%
What is the first and last name of the first American to move into the House? Nina Martin
88%
What is the name of the group of people that are helping Nina find the mask of Anubis? Sibuna
80%
Who blames Nina for the disappearance of Joy? Patricia
79%
Who is the caretaker of the House? Victor
78%
Which character went to Australia? Mick
74%
Who replaces Trudi in the beginning of Season 2? Vera
68%
Why are they called this? Anubis backwards
63%
What are Sibuna trying to find? The Mask of Anubis
58%
Who is Fabian's godfather Jasper
51%
What is the name of the evil spirit that has given Sibuna the mark of Anubis? Senkhara
45%
Why? Sports
44%
What is the name of the woman that asks for Nina's help in Season 1? Sarah Frobisher-Smythe
42%
No matching quizzes found
Score Distribution
Percent of People with Each Score
Percentile by Number Answered
Your Score History
You have not taken this quiz